01168nam a2200265 a 450000100060000000300080000600500170001400800410003103500190007204000350009104100080012608200250013410000330015924501760019226000730036830000360044150200810047750400320055865000410059070000500063170000450068194200130072699900170073995201460075684453BD-RjUL20241204183227.0241204s2023 bg a|||| m||| 00| 0 eng d a(BD-RjUL)84453 aBD-RjULbengcBD-RjULdBD-RjUL aeng 223a551.48bAIA 2023 aAlmamun, Md. Abdullah91457410aAnalysis and application of drought index for the estimation of rainwater deficit /cBy Md. Abdullah Almamun ;6Supervisors : Syed, Mustafizur Rahman, & Hosne, Ara Jasmine aRajshahi :bDepartment of Mathematics, University of Rajshahi,c2023 axi, 86 leaves :bill, ;c29.cm. aThesis (M. Phil.) -- Department of Mathematics, University of Rajshahi, 2023 aReferences : Leaves 69 - 80 aHydrologyvRainwater analysis914575 aRahman, Syed, Mustafizur, Supervisors 914576 aJasmine, Hosne, Ara, Supervisors 914577 2ddccTHE c84453d84453 102ddc40718THESESaRUCLbRUCLcDoc/Thed2024-11-13eController of Exam. R.U.l0oTHE 551.48 AIA 2023pD5001r2024-12-04 00:00:00tC-1yTHE